| 000 | 00484nam a2200193Ia 4500 | ||
|---|---|---|---|
| 005 | 20240823061703.0 | ||
| 008 | 240823s9999||||xx |||||||||||||| ||und|| | ||
| 041 | _aENGLISH | ||
| 082 | _A425 Q8 | ||
| 100 | _aBobby Rajakanthi J | ||
| 245 | 0 | _aFocus II : A Work Boook for Grammar and Communication Skills | |
| 250 | _a1st | ||
| 260 |
_c2018 _bHarrows Publica |
||
| 500 | _aYES | ||
| 650 |
_aEnglish Grammar _bEnglish |
||
| 700 | _a Sasikala M | ||
| 942 | _cBK | ||
| 999 |
_c234115 _d234115 |
||